Statistics for The Outside - Taylor Swift (All Lyrics)

Click here to take the quiz!

General Stats

  • This quiz has been taken 42 times
  • The average score is 177 of 238

Answer Stats

Lyrics% Correct
I
95%
On
95%
on
95%
outside
95%
the
95%
A
89%
a
89%
be
89%
in
89%
been
84%
by
84%
how
84%
How
84%
I've
84%
looking
84%
no
84%
of
84%
Oh,
84%
Oh
84%
oh
84%
to
84%
you,
84%
you
84%
You
84%
can
79%
ever
79%
for
79%
go
79%
me
79%
never
79%
this
79%
this,
79%
And
74%
And,
74%
know
74%
see
74%
still
74%
That
74%
try
74%
When
74%
all
68%
best
68%
better?
68%
but
68%
But
68%
So
68%
so
68%
would
68%
didn't
63%
if
63%
lonely
63%
lot
63%
Nobody
63%
now,
63%
places
63%
up
63%
what
63%
ain't
58%
do
58%
find
58%
it
58%
lets
58%
part
58%
take
58%
there,
58%
view
58%
went
58%
baby,
53%
first
53%
give
53%
got
53%
knew
53%
nothing
53%
reason,
53%
saw
53%
yeah
53%
Am
47%
could've
47%
had
47%
it's
47%
less
47%
nowhere
47%
read
47%
right?
47%
road
47%
seems
47%
times
47%
too
47%
traveled
47%
tried
47%
anything
42%
between
42%
few
42%
lines
42%
one
42%
wanted
42%
work
42%
late
37%
late,
37%
helped
32%
until
32%
notices
21%

Score Distribution

Percentile by Number Answered

Percent of People with Each Score

Your Score History

You have not taken this quiz